KOHA-Header-6

Sangum (Record no. 7176)

000 -LEADER
fixed length control field 00251nam a2200109Ia 4500
100 ## - MAIN ENTRY--AUTHOR NAME
Personal name M. Ahsan Farooqi
245 #0 - TITLE STATEMENT
Title Sangum
260 ## - PUBLICATION, DISTRIBUTION, ETC. (IMPRINT)
Place of publication Karachi
Name of publisher Lubna Publications
Year of publication 1971
300 ## - PHYSICAL DESCRIPTION
Number of Pages 264
942 ## - ADDED ENTRY ELEMENTS (KOHA)
Koha item type Books
Holdings
Withdrawn status Lost status Collection code Permanent Location Current Location Shelving location Date acquired Full call number Accession Number Koha item type
    Urdu Literature MAJU MAJU   2019-09-12 808.83 897 Urdu Literature

Powered by Koha